000 00269nam a22000977a 4500
999 _c11193
_d11193
008 181009b ||||| |||| 00| 0 eng d
020 _a9788178558035
100 _aSHARMA R P
_95091
245 _a20 SAMPLE PAPERS IN PHYSICS XII
260 _aNEW DELHI
_bARYA PUBLICATION
_c2018